[Event "Vicente Lopez ProAm 100 Years op"]
[Site "Buenos Aires"]
[Date "2022.10.12"]
[Round "2"]
[White "Romero Barreto, Jaime Jose"]
[Black "Pinto, Jaer Morais"]
[Result "1-0"]
[WhiteElo "2335"]
[BlackElo "1734"]
[PlyCount "61"]
[EventDate "2022.10.11"]
[EventType "swiss"]
[EventRounds "9"]
[EventCountry "ARG"]
[SourceTitle "CBM 210 Extra"]
[Source "ChessBase"]
[SourceDate "2022.11.30"]
[SourceVersion "1"]
[SourceVersionDate "2022.11.30"]
[SourceQuality "1"]

1. e4 e6 2. d4 d5 3. Nd2 c5 4. Ngf3 Nc6 5. Bb5 Nf6 6. Qe2 Be7 7. Ne5 Bd7 8. Nxd7 Nxd7 9. exd5 exd5 10. dxc5 0-0 11. 0-0 Bxc5 12. Nb3 Be7 13. Rd1 Nf6 14. c4 Qd7 15. cxd5 Nxd5 16. Bc4 Qe6 17. Rxd5 Qxe2 18. Bxe2 Rfd8 19. Rxd8+ Rxd8 20. Be3 Bf6 21. Nc5 b6 22. Nd3 Nd4 23. Bxd4 Bxd4 24. Rc1 a5 25. g3 g6 26. Rc7 Bxb2 27. Nxb2 Rd2 28. Bc4 Rxb2 29. Rxf7 b5 30. Rb7+ Kh8 31. Rxb5 1-0

[Event "Porto Alegre Oncosinos op"]
[Site "Porto Alegre"]
[Date "2016.11.27"]
[Round "5"]
[White "Gazola, Andre Augusto"]
[Black "Pinto, Jaer Morais"]
[Result "1/2-1/2"]
[WhiteElo "2042"]
[BlackElo "1803"]
[PlyCount "27"]
[EventDate "2016.11.25"]
[EventType "swiss"]
[EventRounds "5"]
[EventCountry "BRA"]
[SourceTitle "CBM 175 Extra"]
[Source "ChessBase"]
[SourceDate "2016.12.12"]
[SourceVersion "1"]
[SourceVersionDate "2016.12.12"]
[SourceQuality "1"]

1. c4 Nf6 2. Nf3 g6 3. b3 Bg7 4. Bb2 0-0 5. g3 c5 6. Bg2 Nc6 7. d3 d6 8. h3 Qc7 9. Nbd2 Bd7 10. 0-0 Rad8 11. a3 e5 12. e4 Nh5 13. Bc3 f5 14. b4 1/2-1/2

[Event "Porto Alegre IRT U2200 1st"]
[Site "Porto Alegre"]
[Date "2016.04.09"]
[Round "3.15"]
[White "Pinto, Jaer Morais"]
[Black "Fonseca, Luiz Itamir"]
[Result "0-1"]
[WhiteElo "1794"]
[BlackElo "1955"]
[PlyCount "74"]
[EventDate "2016.04.09"]
[EventType "swiss"]
[EventRounds "5"]
[EventCountry "BRA"]
[SourceTitle "EXT 2022"]
[Source "ChessBase"]
[SourceDate "2021.10.06"]
[SourceVersion "1"]
[SourceVersionDate "2021.10.06"]
[SourceQuality "1"]

1. d4 f5 2. c4 Nf6 3. Nc3 d6 4. e3 g6 5. Bd3 Bg7 6. Nge2 0-0 7. Bd2 Nbd7 8. Qc2 e5 9. f3 c6 10. 0-0-0 Qe7 11. Rdf1 Nb6 12. e4 exd4 13. Nxd4 fxe4 14. fxe4 Nbd7 15. Nde2 Ne5 16. Ng3 Be6 17. b3 Nfg4 18. Be2 Rxf1+ 19. Nxf1 Rf8 20. h3 Nf6 21. g4 Nfd7 22. Ne3 Nf3 23. Bxf3 Rxf3 24. Re1 Rxh3 25. Nf5 Qf6 26. Nxg7 Kxg7 27. Be3 Bxg4 28. Qd2 Ne5 29. Bd4 c5 30. Nd5 Qf3 31. Qg5 cxd4 32. Nf4 Qc3+ 33. Kb1 Qxe1+ 34. Kb2 Qc3+ 35. Ka3 Qa5+ 36. Kb2 Rh2+ 37. Ng2 Rxg2+ 0-1

[Event "Porto Alegre IRT U2200 1st"]
[Site "Porto Alegre"]
[Date "2016.04.09"]
[Round "2.11"]
[White "Togni, Everton Batista"]
[Black "Pinto, Jaer Morais"]
[Result "1-0"]
[WhiteElo "1743"]
[BlackElo "1794"]
[PlyCount "78"]
[EventDate "2016.04.09"]
[EventType "swiss"]
[EventRounds "5"]
[EventCountry "BRA"]
[SourceTitle "EXT 2022"]
[Source "ChessBase"]
[SourceDate "2021.10.06"]
[SourceVersion "1"]
[SourceVersionDate "2021.10.06"]
[SourceQuality "1"]

1. e4 c6 2. d4 d5 3. Nc3 dxe4 4. Nxe4 Nd7 5. Bd3 Ngf6 6. Nf3 Nxe4 7. Bxe4 Nf6 8. Bd3 e6 9. Bd2 Be7 10. Qe2 b6 11. c3 Bb7 12. g4 Qc7 13. g5 Nd7 14. Rg1 g6 15. h4 0-0-0 16. Rg4 Bd6 17. 0-0-0 Rhe8 18. Bc4 b5 19. Bb3 a6 20. h5 Nb6 21. Rh4 c5 22. hxg6 hxg6 23. Be3 c4 24. Bc2 Nd5 25. Rh7 Nf4 26. Bxf4 Bxf4+ 27. Kb1 Re7 28. Be4 Bd5 29. Bxd5 Rxd5 30. Qe4 Kb8 31. Re1 f5 32. Qxd5 Rxh7 33. Qxe6 Qb7 34. d5 b4 35. Kc2 Qa7 36. Nd4 b3+ 37. axb3 cxb3+ 38. Kxb3 Qb7+ 39. Kc2 Qf7 1-0